Entre el terror y la esperanza: religión, guerra, justicia y paz /

Na minha lista:
Detalhes bibliográficos
Autor principal: Rivera Pagán, Luis N.
Formato: Texto
Tags: Adicionar Tag
Sem tags, seja o primeiro a adicionar uma tag!

MARC

LEADER 00000 a a2200000 04500
001 48898
003
040
100 |a Rivera Pagán, Luis N.  
245 |a Entre el terror y la esperanza:   |b religión, guerra, justicia y paz /  |c Luis N. Rivera Pagán  
773 |a volumen69, número737, (2014), páginas 203-217  
999 |c 29083  |d 29083